1857 1511 1305 1852 1239 1793 1744 1729 1310 1376 1354 1179 1002 1587 1048 1699 1633 1299 1516 1285 1931 1888 1720 1311 1933 1243 1257 1331 1305 1366 1883 1259 1274 1453 1708 1547 1816 1313 1049 1565 1312 1270 1230 1828 1518 1890 1258 1916 1707 1323 1106 1052 1304 1458 1991 1337 1831 1871 1207 1597 1893 1126 1636 1684 1411 1756 1878 1439 1175 1536 1921 1468 1479 1813 1037 1412 1897 1080 1580 1875 1771 1508 1440 1830 1845 1781 1237 1517 1588 1403 1740 1555 1353 1169 1398 1925 1674 1817 1380 BCNSPRNW ULIB Ver.6.0+V

เปลี่ยนเป็นภาษาไทย

Change to English
 แสดงรายละเอียดบรรณานุกรม
  กลับหน้าหลัก

Brief Record : Get Marc (ISO 2709) : E-mail record : QR code < ปิดหน้าต่าง
LEADER : 00000nam 2200000uu 4500
001    13399111062
003     ULIB
008    110615s||||||||th 000 0 tha d
020    9745001066
050 04 BF367^bพ811จ 2543
100 1  พีล, นอร์แมน วินเซนต์
245 10 จินตนานุภาพ /^cนอร์แมน วินเซนท์ พีล ; พงษ์เกษตร สุวรรณกูล,แปล
250    พิมพ์ครั้งที่ 6
260    กรุงเทพฯ :^bสุริยบรรณ,^c2543
300    284 หน้า
650  7 สันติภาพ^xแง่ศาสนา^xคริสตศาสนา
650  7 ความสำเร็จ^xแง่ศาสนา^xคริสตศาสนา
700 00 พงษ์เกษตร สุวรรณกูล,^eผู้แปล
945    ^p135^l0^i016946
945    ^p135^l0^i016945
995    ทศพร
999 ^a ใช้งานได้ทุกระบบ
รายการนี้ยังไม่มีแท็ก
คุณยังไม่ได้ล็อกอิน คุณสามารถมีกิจกรรมร่วมกับเว็บไซต์ได้ แต่ต้องล็อกอินก่อน ::
  ล็อกอิน

รายการสื่อสารสนเทศ

ลำดับที่ ประเภท เลขเรียก/บาร์โค้ด สถานที่ สถานะ
- ไม่พบข้อมูล -

BibComment


ยังไม่เคยถูกคอมเมนท์

คอมเมนท์ทรัพยากรรายการนี้
  คอมเมนท์: จินตนานุภาพ นอร์..


 Copyright 2026. Bcnsprnw @Library